| 000 | 00513cam a22002051 4500 | ||
|---|---|---|---|
| 001 | ne 68000809 | ||
| 003 | DLC | ||
| 005 | 20260227111839.0 | ||
| 008 | 950421s1960 xx 000 0 arao | ||
| 010 | _ane 68000809 | ||
| 035 | _a(OCoLC)32352686 | ||
| 040 |
_aDLC _cCU _dCU _dDLC |
||
| 042 | _apremarc | ||
| 050 | 0 | 0 |
_aDS79.65 _b.N3 |
| 100 | 1 | _aNājī, Hilāl. | |
| 245 | 1 | 0 | _aMaʼsāt al-muḥāmīn fī al-ʻIrāq. |
| 260 | _c[1960] | ||
| 300 |
_a55 p. _c20 cm. |
||
| 651 | 0 |
_aIraq _xPolitics and government. |
|
| 999 |
_c50170 _d50170 |
||